000 00562nam a22002057a 4500
005 20251108172447.0
008 250721s2006 xx 000 0 ara d
020 _a9953131562
082 1 4 _aط/793.73/سعد
100 1 _aسعد، بسام
245 1 0 _aفي الثقافة العامة و التسلية /
264 1 _aبيروت :
_bدار صادر،
_c2006.
300 _a160ص
490 0 _aللأذكياء فقط
650 1 7 _aالألغاز
650 1 7 _aالثقافة
650 1 7 _aالرياضيات
942 _2ddc
_cBK
999 _c79919
_d79919